| 000 | 00798nam a2200241 i 4500 | ||
|---|---|---|---|
| 001 | 72974 | ||
| 003 | ES-MaACL | ||
| 005 | 20230906171626.0 | ||
| 007 | t| | ||
| 008 | 040906s1961 sp ||||1| spa d | ||
| 100 | 1 |
_aGolden, E. F. _957653 |
|
| 245 | 1 | 0 |
_a"Broilers" : _bproducción y cuidados / _cE.F. Golden ; traducido del inglés por Benito Moreno García y Félix Palacio Remondo. |
| 260 |
_aZaragoza : _bAcribia, _c1961. |
||
| 300 |
_a182 p. : _bil. ; _c20 cm. |
||
| 490 | 1 | _aManuales de técnica agropecuaria | |
| 650 |
_aAvicultura. _910453 |
||
| 650 | 4 |
_aGallinas. _9169078 |
|
| 700 | 1 |
_aMoreno García, Benito. _983377 |
|
| 700 | 1 |
_aPalacio Remondo, Félix. _988381 |
|
| 830 | 1 |
_aManuales de técnica agropecuaria _9183378 |
|
| 852 |
_aES-MaACL _jF-9856 |
||
| 999 |
_c72974 _d72974 |
||